000
00456nam a2200181Ia 4500
008
090123s9999 xx 000 0 und d
082
_b
16041
100
_a
बगे आशा
245
_a
अत्तर
250
_a
1
260
_b
पिसारा प्रकाशन
_c
1986
300
_a
128
600
_a
बगे आशा
630
_a
अत्तर
700
_a
बगे आशा
730
_a
अत्तर
942
_c
BOOK
999
_c
54104
_d
54104